000 00424nam a2200181Ia 4500
001 23249
005 20260414150924.0
008 260414t2019||||xx |||||||||||||| ||spa||
041 _aESP
082 _a627.2
_bZ43
100 _aZarzosa González, Héctor
_eAUT
245 0 _aIngeniería del mar
_b
260 _c2019
300 _a174 páginas :
_c24 cm.
650 _a0
654 _aCIC
942 _cLIB
_dJUS
_fJUS
_2ddc
_n
999 _c23249
_d23249